[Event "X Weekend A"]
[Site "Porto Sant'Elpidio ITA"]
[Date "2007.12.02"]
[Round "6"]
[White "Serafini, Gino"]
[Black "Faini, Marco"]
[Result "1-0"]
[WhiteElo "1831"]
[BlackElo "1860"]
[PlyCount "129"]
[EventDate "2007.11.24"]

1. d4 d5 2. Nf3 e6 3. Bf4 c6 4. Nbd2 Nf6 5. h3 Bd6 6. Ne5 Qe7 7. Ndf3 Nbd7 8.
Bh2 Ne4 9. e3 Nxe5 10. dxe5 Bb4+ 11. c3 Nxc3 12. bxc3 Bxc3+ 13. Nd2 Bxa1 14.
Qxa1 b6 15. Be2 Bb7 16. O-O O-O 17. Nf3 c5 18. Bf4 Rac8 19. Qb1 h6 20. g4 Rfd8
21. g5 hxg5 22. Bxg5 f6 23. exf6 gxf6 24. Qg6+ Qg7 25. Qxf6 Qxf6 26. Bxf6 Rf8
27. Be5 Rf5 28. Kh2 d4 29. Rg1+ Kf8 30. Bd6+ Ke8 31. Bb5+ Bc6 32. Rg8+ Kd7 33.
Rxc8 Kxc8 34. Bxc6 d3 35. Be4 d2 36. Nxd2 Rxf2+ 37. Kg3 Rxd2 38. Be5 c4 39. h4
Rd1 40. h5 Rd8 41. h6 b5 42. h7 b4 43. h8=Q Rxh8 44. Bxh8 a5 45. a4 Kc7 46. Bd4
Kd6 47. Kf4 c3 48. Bc2 Kd5 49. Bb3+ Kd6 50. Ke4 Kc6 51. Ke5 Kd7 52. Bxe6+ Kc6
53. Bb3 Kd7 54. Kd5 c2 55. Bxc2 b3 56. Bxb3 Ke7 57. e4 Kd7 58. e5 Kc7 59. Bc5
Kb7 60. e6 Ka6 61. e7 Kb7 62. e8=Q Kc7 63. Bd6+ Kb6 64. Qb5+ Ka7 65. Qb8+ 1-0

[Event "V C.to del Mediterraneo"]
[Site "Hammam Sousse TUN"]
[Date "2007.11.26"]
[Round "1"]
[White "Cordara, Michele"]
[Black "Ezat, Mohamed"]
[Result "0-1"]
[WhiteElo "2117"]
[BlackElo "2440"]
[PlyCount "58"]
[EventDate "2007.11.26"]

1. c4 c5 2. Nf3 Nc6 3. g3 d5 4. Bg2 g6 5. O-O Bg7 6. Na3 Nf6 7. d3 O-O 8. cxd5
Qxd5 9. Ng5 Qd7 10. Nc4 Nd5 11. Ne4 b6 12. Bd2 Bb7 13. Rb1 Rad8 14. a3 Rfe8 15.
Re1 Nd4 16. Nc3 h5 17. Nxd5 Bxd5 18. Bxd5 Qxd5 19. h4 e5 20. b4 e4 21. Ne3 Qa2
22. dxe4 Rxe4 23. bxc5 bxc5 24. Kg2 Ne6 25. Nf1 Red4 26. Qb3 Rxd2 27. Nxd2 Rxd2
28. Qb8+ Nf8 29. Qxa7 c4 0-1

[Event "V C.to del Mediterraneo"]
[Site "Hammam Sousse TUN"]
[Date "2007.11.26"]
[Round "1"]
[White "Sedina, Elena"]
[Black "Homrana, Mustafa"]
[Result "1-0"]
[WhiteElo "2358"]
[BlackElo "1983"]
[PlyCount "69"]
[EventDate "2007.11.26"]

1. e4 e6 2. d4 d5 3. e5 c5 4. c3 Qb6 5. Nf3 Bd7 6. Nbd2 cxd4 7. Nxd4 Nc6 8.
N2f3 a6 9. Bd3 Nge7 10. O-O Ng6 11. Qe2 Qc7 12. Re1 Be7 13. g3 Bc5 14. h4 Nge7
15. h5 h6 16. Nb3 Ba7 17. Nfd4 O-O-O 18. a4 Nxd4 19. Nxd4 Rdg8 20. Be3 Bb8 21.
b4 g6 22. b5 axb5 23. axb5 gxh5 24. Ra8 Kd8 25. Nf3 Ng6 26. b6 Qc8 27. c4 Ne7
28. Rc1 Bc6 29. Bc5 dxc4 30. Bxc4 Nf5 31. Bb5 Nxg3 32. Qd2+ Ke8 33. Bxc6+ bxc6
34. fxg3 Qb7 35. Qd6 1-0

[Event "V C.to del Mediterraneo"]
[Site "Hammam Sousse TUN"]
[Date "2007.11.27"]
[Round "2"]
[White "Bouaziz, Mehdi"]
[Black "Sedina, Elena"]
[Result "1/2-1/2"]
[WhiteElo "2169"]
[BlackElo "2358"]
[PlyCount "175"]
[EventDate "2007.11.26"]

1. d4 Nf6 2. Nf3 d5 3. e3 c6 4. Bd3 Bg4 5. Nbd2 e6 6. O-O Nbd7 7. b3 Bd6 8. Bb2
Qc7 9. h3 Bh5 10. c4 O-O 11. e4 dxe4 12. Nxe4 Nxe4 13. Bxe4 Nf6 14. Bc2 Rad8
15. Qe2 Rfe8 16. Rad1 a5 17. g4 Bg6 18. Bxg6 hxg6 19. Ne5 Nd7 20. Nxd7 Qxd7 21.
Rd3 Qe7 22. Qf3 Bc7 23. Qg2 Bb6 24. Rfd1 Rd7 25. c5 Bc7 26. Bc1 g5 27. Qe4 Rd5
28. h4 gxh4 29. g5 Rxg5+ 30. Bxg5 Qxg5+ 31. Kh1 Rd8 32. Rh3 e5 33. Qxh4 Qxh4
34. Rxh4 Rd5 35. Kg2 g6 36. Kf3 exd4 37. Rhxd4 Rxc5 38. Rd7 Rf5+ 39. Kg2 Bb6
40. R1d2 Bc5 41. Rxb7 Bb4 42. Rc2 c5 43. Rd7 Kg7 44. Rc4 g5 45. f4 Kg6 46. fxg5
Kxg5 47. Rc1 Kg6 48. Rcd1 Rg5+ 49. Kf3 Rf5+ 50. Ke3 Bc3 51. R7d6+ f6 52. Rg1+
Kf7 53. Rg2 Rf1 54. Rc6 Rd1 55. Ke4 Rd4+ 56. Ke3 Rd5 57. Rh2 Be5 58. Rg2 Bc3
59. Rc2 Be5 60. Ra6 Bd4+ 61. Kf3 Rf5+ 62. Kg3 Rg5+ 63. Kf4 Be5+ 64. Ke4 Bd4 65.
Rxa5 Re5+ 66. Kf4 Re1 67. Ra6 Kg6 68. Rg2+ Kf7 69. Kf3 Re3+ 70. Kg4 Re4+ 71.
Kh5 Re5+ 72. Kh4 Re1 73. Rd2 Kg6 74. Kg3 Re3+ 75. Kg2 Re1 76. a4 Rb1 77. Rd3
Rb2+ 78. Kf3 Kf5 79. a5 Rf2+ 80. Kg3 Ra2 81. Ra8 Ke4 82. Rd1 Be5+ 83. Kh3 Rh2+
84. Kg4 Rg2+ 85. Kh3 Rh2+ 86. Kg4 Rg2+ 87. Kh3 Rh2+ 88. Kg4 1/2-1/2

[Event "V C.to del Mediterraneo"]
[Site "Hammam Sousse TUN"]
[Date "2007.11.28"]
[Round "3"]
[White "Calzetta Ruiz, Monica"]
[Black "Cordara, Michele"]
[Result "1-0"]
[WhiteElo "2287"]
[BlackElo "2117"]
[PlyCount "67"]
[EventDate "2007.11.26"]

1. e4 c5 2. Nc3 Nc6 3. Nf3 d6 4. d4 cxd4 5. Nxd4 e5 6. Nde2 f5 7. exf5 Bxf5 8.
Ng3 Be6 9. Bb5 a6 10. Ba4 Be7 11. O-O Nf6 12. Bb3 Qd7 13. Bg5 Nd4 14. Bxf6 gxf6
15. Qh5+ Kd8 16. Bxe6 Qxe6 17. Nce2 Nxe2+ 18. Qxe2 Rc8 19. Qe4 Kc7 20. c4 Kb8
21. b3 h5 22. Rad1 h4 23. Qf5 Qf7 24. Ne4 Rh5 25. Qf3 Rc6 26. Rd5 f5 27. Rfd1
Qg6 28. Nxd6 Rg5 29. Nxb7 e4 30. Qf4+ Ka8 31. Na5 Rxg2+ 32. Kh1 Rc8 33. Rxf5
Rg4 34. Qe5 1-0

[Event "V C.to del Mediterraneo"]
[Site "Hammam Sousse TUN"]
[Date "2007.11.28"]
[Round "3"]
[White "Marzolo, Cyril"]
[Black "Pulito, Alberto"]
[Result "1-0"]
[WhiteElo "2478"]
[BlackElo "2285"]
[PlyCount "35"]
[EventDate "2007.11.26"]

1. d4 d5 2. c4 e6 3. Nf3 Nf6 4. Nc3 c6 5. Bg5 Nbd7 6. e3 Be7 7. Qc2 O-O 8. Rd1
b6 9. Bd3 Bb7 10. O-O h6 11. Bf4 Nh5 12. Be5 Nxe5 13. dxe5 f5 14. Nd4 Qd7 15.
cxd5 cxd5 16. Bb5 Qc8 17. g4 a6 18. Be2 1-0

[Event "V C.to del Mediterraneo"]
[Site "Hammam Sousse TUN"]
[Date "2007.11.28"]
[Round "3"]
[White "Sedina, Elena"]
[Black "Ben Nasser, Khaled"]
[Result "1-0"]
[WhiteElo "2358"]
[BlackElo "2270"]
[PlyCount "56"]
[EventDate "2007.11.26"]

1. e4 e5 2. Nf3 Nc6 3. Nc3 Nf6 4. g3 d5 5. exd5 Nxd5 6. Bg2 Nxc3 7. bxc3 Bd6 8.
O-O O-O 9. Rb1 Rb8 10. d4 Bg4 11. h3 Bh5 12. g4 Bg6 13. dxe5 Nxe5 14. Nxe5 Bxe5
15. Qxd8 Rfxd8 16. f4 Bxc2 17. Rb2 Bd3 18. fxe5 Bxf1 19. Bxf1 b6 20. Bf4 Rd1
21. Kg2 Rbd8 22. Bc4 Re1 23. Rf2 Re4 24. Bb3 c5 25. Bg3 Rd7 26. Bc2 Re1 27. Bb3
Re7 28. Kf3 28... Ra1 {...} 1-0

[Event "V C.to del Mediterraneo"]
[Site "Hammam Sousse TUN"]
[Date "2007.11.29"]
[Round "4"]
[White "Estremera Panos, Sergio"]
[Black "Sedina, Elena"]
[Result "1/2-1/2"]
[WhiteElo "2400"]
[BlackElo "2358"]
[PlyCount "25"]
[EventDate "2007.11.26"]

1. d4 d5 2. c4 c6 3. Nf3 Nf6 4. Nc3 dxc4 5. a4 Bf5 6. e3 e6 7. Bxc4 Bb4 8. O-O
Nbd7 9. Qe2 Bg4 10. h3 Bxf3 11. Qxf3 O-O 12. Rd1 Rc8 13. e4 1/2-1/2

[Event "V C.to del Mediterraneo"]
[Site "Hammam Sousse TUN"]
[Date "2007.11.29"]
[Round "4"]
[White "Pulito, Alberto"]
[Black "Gentilleau, Jean-Philippe"]
[Result "1-0"]
[WhiteElo "2285"]
[BlackElo "2181"]
[PlyCount "115"]
[EventDate "2007.11.26"]

1. e4 c5 2. c3 b6 3. d4 Bb7 4. Bd3 Nf6 5. f3 e6 6. Ne2 d6 7. O-O Be7 8. Bb5+
Nbd7 9. e5 Nd5 10. c4 Nc7 11. dxc5 dxc5 12. Qxd7+ Qxd7 13. Bxd7+ Kxd7 14. Rd1+
Kc8 15. Nbc3 Rd8 16. Be3 Bc6 17. Ng3 Kb7 18. Nge4 Ne8 19. Ng5 Bxg5 20. Bxg5 f6
21. Bf4 Rac8 22. b3 a6 23. Bg3 h6 24. h4 h5 25. Ne2 Nc7 26. exf6 gxf6 27. Bxc7
Kxc7 28. Nf4 Rg8 29. Nxe6+ Kb7 30. Kf2 Rce8 31. Nf4 Re5 32. Rd6 b5 33. Rad1 Rf5
34. Ne6 Rc8 35. Nd8+ Kb6 36. Nxc6 Rxc6 37. R6d5 Re5 38. Rxe5 fxe5 39. Rd5 Re6
40. Ke3 Rg6 41. Rd2 Ka5 42. cxb5 axb5 43. a3 c4 44. bxc4 bxc4 45. Rc2 Rc6 46.
Ke4 Ka4 47. Rc3 Kb5 48. g4 hxg4 49. fxg4 Rd6 50. Kxe5 Rd3 51. Rc1 Rh3 52. h5
Kc5 53. Kf6 Kd4 54. Kg6 c3 55. h6 Ke5 56. h7 Rh4 57. Rxc3 Rxg4+ 58. Kh5 1-0

[Event "V C.to del Mediterraneo"]
[Site "Hammam Sousse TUN"]
[Date "2007.11.30"]
[Round "5"]
[White "Ferhi, Djamel"]
[Black "Pulito, Alberto"]
[Result "1-0"]
[WhiteElo "2117"]
[BlackElo "2285"]
[PlyCount "91"]
[EventDate "2007.11.26"]

1. e4 e6 2. d4 d5 3. Nc3 Bb4 4. e5 c5 5. a3 Bxc3+ 6. bxc3 Ne7 7. Qg4 Qc7 8. Be3
cxd4 9. Bxd4 Nbc6 10. Bb5 Bd7 11. Bxc6 bxc6 12. Nf3 c5 13. Be3 Ng6 14. O-O O-O
15. h4 f6 16. exf6 Rxf6 17. Ng5 e5 18. Qd1 d4 19. Qh5 Nf8 20. Bd2 Bf5 21. f4 e4
22. Qe2 e3 23. Be1 h6 24. Qc4+ Kh8 25. Nf3 Be6 26. Qd3 Qxf4 27. cxd4 Rd8 28. c3
Ng6 29. Nh2 c4 30. Qb1 Bf5 31. Rxf4 Nxf4 32. Qb5 Ne2+ 33. Kh1 Bd3 34. Nf3 Rdf8
35. Rd1 Nf4 36. Bg3 e2 37. Re1 Nxg2 38. Kxg2 Rxf3 39. Qe5 R8f5 40. Qe8+ Rf8 41.
Rxe2 Kh7 42. Qc6 R3f6 43. Re6 Rf1 44. Qd6 R8f5 45. Qc7 Rf7 46. Re7 1-0

[Event "V C.to del Mediterraneo"]
[Site "Hammam Sousse TUN"]
[Date "2007.11.30"]
[Round "5"]
[White "Sedina, Elena"]
[Black "Ezat, Mohamed"]
[Result "1-0"]
[WhiteElo "2358"]
[BlackElo "2440"]
[PlyCount "101"]
[EventDate "2007.11.26"]

1. e4 c6 2. c4 e5 3. Nf3 Nf6 4. Nc3 d6 5. d4 Qc7 6. Be2 Bg4 7. Ng1 Bc8 8. Nf3
Bg4 9. Ng1 Bc8 10. Nf3 Be7 11. O-O O-O 12. Re1 Re8 13. Qc2 Bf8 14. Bg5 Nbd7 15.
Rad1 h6 16. Bc1 a5 17. Bf1 Be7 18. h3 Nf8 19. b3 Ng6 20. g3 Nh7 21. Bg2 h5 22.
Be3 h4 23. g4 Nhf8 24. Qd2 Ne6 25. Ne2 b6 26. d5 cxd5 27. exd5 Nc5 28. Qc2 Rf8
29. Nc3 f5 30. Nh2 Nh8 31. a3 Bd7 32. b4 axb4 33. axb4 Na4 34. Qb3 Ng6 35. Ne2
Kh8 36. Ra1 Bf6 37. gxf5 Ne7 38. Be4 b5 39. cxb5 Bxb5 40. Ng4 Qd7 41. Nxf6 gxf6
42. Nc3 Nxc3 43. Qxc3 Nxf5 44. Kh2 Rac8 45. Qd2 Rc7 46. Bb6 Rb7 47. Bxf5 Qxf5
48. Qh6+ Kg8 49. Rg1+ Kf7 50. Rg7+ Ke8 51. Ra8+ 1-0

[Event "V C.to del Mediterraneo"]
[Site "Hammam Sousse TUN"]
[Date "2007.12.01"]
[Round "6"]
[White "Atalik, Suat"]
[Black "Sedina, Elena"]
[Result "1/2-1/2"]
[WhiteElo "2599"]
[BlackElo "2358"]
[PlyCount "209"]
[EventDate "2007.11.26"]

1. d4 d5 2. c4 c6 3. Nc3 Nf6 4. e3 a6 5. Bd3 b5 6. b3 Bg4 7. Nge2 e6 8. Qc2 Bh5
9. Nf4 Bg6 10. Bd2 Bxd3 11. Nxd3 Nbd7 12. c5 a5 13. b4 Be7 14. a4 axb4 15. Nxb4
Qc7 16. O-O bxa4 17. Rxa4 O-O 18. Rfa1 Qb7 19. f3 Rxa4 20. Qxa4 Nb8 21. Rb1 Qc8
22. Be1 e5 23. Bg3 Qe6 24. Re1 Nfd7 25. Qd1 Bf6 26. Qd3 Rd8 27. h3 h5 28. Bf2
g6 29. Nc2 Be7 30. Re2 Kh7 31. Nb4 Kg8 32. Qc2 Re8 33. e4 dxe4 34. Nxe4 Qf5 35.
d5 cxd5 36. Nxd5 Nc6 37. Qa4 Ndb8 38. Nxe7+ Rxe7 39. Rd2 Ra7 40. Qd1 Kg7 41.
Rd6 Rd7 42. Bh4 Nd4 43. Bf6+ Kh7 44. Bxe5 Rxd6 45. Bxd6 Nbc6 46. Qd2 Kg7 47.
Kf2 Qd5 48. h4 Qc4 49. Ng5 f6 50. Ne4 Ne5 51. Bxe5 fxe5 52. Kg1 Qa6 53. Kh2 Qe6
54. Qg5 Nc6 55. Qd2 Nd4 56. Qg5 Nc6 57. Ng3 Kh7 58. Qe3 Nd4 59. Qe4 Kh6 60. Qa8
Kg7 61. Qb7+ Kg8 62. Ne4 Qf5 63. Ng5 Qf4+ 64. g3 Qf6 65. Qh7+ Kf8 66. Qd7 Nxf3+
67. Nxf3 Qxf3 68. Qd6+ Kf7 69. Qc7+ Kf8 70. Qb8+ Kf7 71. Qa7+ Ke6 72. Qb6+ Kf7
73. c6 Qe2+ 74. Kg1 Qd1+ 75. Kf2 Qd2+ 76. Kf3 Qd3+ 77. Kg2 Qd5+ 78. Kh2 Qd2+
79. Kh3 Qd1 80. Qb7+ Kf6 81. c7 Qd7+ 82. Kh2 Qd2+ 83. Qg2 Qc1 84. Qf3+ Ke7 85.
Qe4 Kf6 86. Qf3+ Ke7 87. Qd3 Qb2+ 88. Kh3 Qb7 89. Qd8+ Kf7 90. Kh2 Qb2+ 91. Kg1
Qb1+ 92. Kf2 Qc2+ 93. Ke3 Qc3+ 94. Ke4 Qe1+ 95. Kd5 Qa5+ 96. Ke4 Qe1+ 97. Kd5
Qa5+ 98. Kd6 Qb6+ 99. Kxe5 Qe3+ 100. Kd5 Qd3+ 101. Kc5 Qc3+ 102. Kb6 Qb4+ 103.
Ka7 Qa5+ 104. Kb7 Qb5+ 105. Ka7 1/2-1/2

[Event "V C.to del Mediterraneo"]
[Site "Hammam Sousse TUN"]
[Date "2007.12.02"]
[Round "7"]
[White "Calzetta Ruiz, Monica"]
[Black "Pulito, Alberto"]
[Result "0-1"]
[WhiteElo "2287"]
[BlackElo "2285"]
[PlyCount "108"]
[EventDate "2007.11.26"]

1. e4 e6 2. d4 d5 3. Nd2 Be7 4. Ngf3 Nf6 5. Bd3 c5 6. dxc5 O-O 7. O-O a5 8. c4
Na6 9. e5 Nd7 10. cxd5 exd5 11. Nb3 Ndxc5 12. Bb1 Re8 13. Be3 Ne4 14. h3 a4 15.
Nbd4 a3 16. bxa3 Nac5 17. Nb5 Ra5 18. Nfd4 Bd7 19. Qe2 Bf8 20. Rc1 Rxe5 21. Bf4
Bxb5 22. Nxb5 Re7 23. Qf1 Rd7 24. Bc2 Ra8 25. Rab1 Qf6 26. Be3 Ne6 27. Rd1 Rdd8
28. Bb6 Rdc8 29. Bb3 Nf4 30. Bxd5 Nxd5 31. Rxd5 Qxb6 32. Nd6 Qc6 33. Nxc8 Rxc8
34. Rd3 g6 35. Rb2 Re8 36. Rdb3 Nc5 37. Rf3 Re6 38. Rb1 Ne4 39. Rc1 Qd5 40. Rc8
Nd6 41. Rd8 Qa5 42. Rxf8+ Kxf8 43. Kh2 Re1 44. Qd3 Qe5+ 45. g3 Kg7 46. Qb3 h5
47. h4 b5 48. a4 bxa4 49. Qxa4 Re4 50. Qc6 Rxh4+ 51. Kg2 Rc4 52. Qb6 Qd5 53.
Qb2+ Kh7 54. a3 Nf5 0-1

[Event "V C.to del Mediterraneo"]
[Site "Hammam Sousse TUN"]
[Date "2007.12.02"]
[Round "7"]
[White "Gentilleau, Jean-Philippe"]
[Black "Cordara, Michele"]
[Result "1/2-1/2"]
[WhiteElo "2181"]
[BlackElo "2117"]
[PlyCount "47"]
[EventDate "2007.11.26"]

1. Nf3 Nf6 2. d4 e6 3. c4 b6 4. g3 Bb7 5. Bg2 Be7 6. O-O O-O 7. Nc3 d5 8. Ne5
Nbd7 9. Bf4 c6 10. Rc1 Nxe5 11. dxe5 Ne8 12. cxd5 exd5 13. Qd3 Nc7 14. Rfd1 Ne6
15. Be3 Qb8 16. Bf4 g5 17. Bd2 Qxe5 18. e3 Nc5 19. Qc2 Ne6 20. a3 Ba6 21. Qa4
Bb7 22. Qc2 d4 23. Ne2 dxe3 24. Bxe3 1/2-1/2

[Event "V C.to del Mediterraneo"]
[Site "Hammam Sousse TUN"]
[Date "2007.12.02"]
[Round "7"]
[White "Sedina, Elena"]
[Black "Njili, Kamel"]
[Result "1/2-1/2"]
[WhiteElo "2358"]
[BlackElo "2366"]
[PlyCount "46"]
[EventDate "2007.11.26"]

1. e4 e5 2. Nf3 Nc6 3. Nc3 Nf6 4. g3 d5 5. exd5 Nxd5 6. Bg2 Nxc3 7. bxc3 Bc5 8.
O-O O-O 9. Re1 Re8 10. d4 exd4 11. Rxe8+ Qxe8 12. cxd4 Bb6 13. c4 Bg4 14. c5
Ba5 15. Be3 Rd8 16. Qa4 Qd7 17. d5 Ne5 18. Qxd7 Nxd7 19. h3 Bxf3 20. Bxf3 b6
21. cxb6 Bxb6 22. Rc1 Ne5 23. Bg2 Rd7 1/2-1/2

[Event "V C.to del Mediterraneo"]
[Site "Hammam Sousse TUN"]
[Date "2007.12.03"]
[Round "8"]
[White "Cordara, Michele"]
[Black "Amdouni, Zoubaier"]
[Result "1/2-1/2"]
[WhiteElo "2117"]
[BlackElo "2172"]
[PlyCount "29"]
[EventDate "2007.11.26"]

1. c4 e6 2. Nf3 d5 3. g3 Nf6 4. Bg2 dxc4 5. Qa4+ c6 6. Qxc4 b5 7. Qc2 Bb7 8.
O-O c5 9. b3 Nbd7 10. a4 a6 11. axb5 axb5 12. Rxa8 Bxa8 13. d4 Qb6 14. Bb2 Be7
15. dxc5 1/2-1/2

[Event "V C.to del Mediterraneo"]
[Site "Hammam Sousse TUN"]
[Date "2007.12.03"]
[Round "8"]
[White "Marzolo, Cyril"]
[Black "Sedina, Elena"]
[Result "1-0"]
[WhiteElo "2478"]
[BlackElo "2358"]
[PlyCount "111"]
[EventDate "2007.11.26"]

1. d4 d5 2. Nf3 Nf6 3. c4 c6 4. Nc3 dxc4 5. e4 b5 6. e5 Nd5 7. a4 e6 8. Ng5 h6
9. Nge4 b4 10. Nb1 Ba6 11. Nbd2 c3 12. Nc4 Bxc4 13. Bxc4 cxb2 14. Bxb2 Nd7 15.
O-O Be7 16. Qg4 g6 17. Rac1 Kf8 18. Bb3 Rc8 19. Rc2 Kg7 20. Rfc1 Bg5 21. Nxg5
Qxg5 22. Qxg5 hxg5 23. Rxc6 Nc3 24. Rxc8 Rxc8 25. Kf1 Nb6 26. Bxc3 bxc3 27. Ke2
Nd5 28. Bxd5 exd5 29. Kd3 Rc4 30. Rxc3 Rxa4 31. Rc5 Ra3+ 32. Ke2 Ra2+ 33. Kf3
g4+ 34. Kg3 Kf8 35. Rxd5 Ke7 36. Rb5 Ke6 37. Rb7 Ra4 38. Kxg4 Rxd4+ 39. f4 a5
40. Ra7 a4 41. h4 Rd2 42. g3 Ra2 43. Ra6+ Ke7 44. h5 gxh5+ 45. Kf5 Rb2 46. Rxa4
Rb3 47. Ra7+ Kf8 48. Kf6 Rb6+ 49. Kg5 Rg6+ 50. Kh4 Rg4+ 51. Kh3 Kg8 52. Rd7 Kf8
53. Rd8+ Kg7 54. Rd6 Rg6 55. Rxg6+ Kxg6 56. Kh4 1-0

[Event "V C.to del Mediterraneo"]
[Site "Hammam Sousse TUN"]
[Date "2007.12.03"]
[Round "8"]
[White "Pulito, Alberto"]
[Black "Mihailidis, Anastacios"]
[Result "1/2-1/2"]
[WhiteElo "2285"]
[BlackElo "2266"]
[PlyCount "22"]
[EventDate "2007.11.26"]

1. e4 e5 2. Nf3 Nc6 3. Nc3 Nf6 4. Bb5 Bd6 5. O-O O-O 6. Re1 a6 7. Bf1 Re8 8. d3
h6 9. g3 Bc5 10. Be3 Nd4 11. Bg2 d6 1/2-1/2

[Event "V C.to del Mediterraneo"]
[Site "Hammam Sousse TUN"]
[Date "2007.12.04"]
[Round "9"]
[White "Belouadah, Saad"]
[Black "Pulito, Alberto"]
[Result "1-0"]
[WhiteElo "2305"]
[BlackElo "2285"]
[PlyCount "97"]
[EventDate "2007.11.26"]

1. d4 d5 2. Nf3 Nf6 3. e3 c6 4. Bd3 e6 5. O-O Nbd7 6. b3 Bd6 7. Bb2 O-O 8. Nbd2
Qc7 9. e4 dxe4 10. Nxe4 Nxe4 11. Bxe4 Nf6 12. Bd3 b6 13. c4 c5 14. Qe2 cxd4 15.
Bxd4 Bb7 16. Rad1 Qc6 17. Bxf6 gxf6 18. Bxh7+ Kg7 19. Rd4 f5 20. Rfd1 Bc7 21.
Qe3 f4 22. Qe4 e5 23. Rd5 Qf6 24. Bf5 Bxd5 25. cxd5 Rad8 26. g4 Qd6 27. h4 a5
28. g5 Qb4 29. Qe2 Rfe8 30. Be4 Rh8 31. Kg2 Bd6 32. Rh1 a4 33. h5 Qc3 34. Nh4
axb3 35. Nf5+ Kf8 36. axb3 Rg8 37. Qg4 Qb4 38. Nxd6 Rxd6 39. Bh7 f3+ 40. Kg3
Qxg4+ 41. Kxg4 Rg7 42. Be4 Rf6 43. Bf5 Rg8 44. h6 Rd6 45. Rc1 Rd8 46. Rc7 Rh8
47. Kxf3 Rg8 48. Ke4 Ke8 49. h7 1-0

[Event "V C.to del Mediterraneo"]
[Site "Hammam Sousse TUN"]
[Date "2007.12.04"]
[Round "9"]
[White "Mona, Khaled"]
[Black "Cordara, Michele"]
[Result "0-1"]
[WhiteElo "2004"]
[BlackElo "2117"]
[PlyCount "74"]
[EventDate "2007.11.26"]

1. d4 c5 2. e3 Nf6 3. Nf3 b6 4. c3 g6 5. Bd3 Bg7 6. Qe2 Bb7 7. Nbd2 O-O 8. O-O
d6 9. e4 cxd4 10. cxd4 Nc6 11. d5 Nb4 12. Bc4 Nd7 13. Nb3 a5 14. Nbd4 Nc5 15.
a3 Nba6 16. Rb1 Qc8 17. b4 axb4 18. axb4 Nxe4 19. Nc6 Bxc6 20. Qxe4 Bd7 21.
Bxa6 Qxa6 22. Qxe7 Bf5 23. Rb3 Qc4 24. Rb2 Ra1 25. Nd2 Qxd5 26. Rb3 Rxc1 27.
Rxc1 Qxd2 28. Qe1 Qxe1+ 29. Rxe1 d5 30. Kf1 d4 31. Ra3 Rc8 32. Ke2 d3+ 33. Kf3
Bf8 34. g4 Bxb4 35. gxf5 Bxe1 36. f6 Ba5 37. Rxd3 Rc3 0-1

[Event "V C.to del Mediterraneo"]
[Site "Hammam Sousse TUN"]
[Date "2007.12.04"]
[Round "9"]
[White "Sedina, Elena"]
[Black "Chahrani, Ibrahim"]
[Result "1/2-1/2"]
[WhiteElo "2358"]
[BlackElo "2288"]
[PlyCount "26"]
[EventDate "2007.11.26"]

1. e4 c5 2. Nf3 g6 3. d4 cxd4 4. Qxd4 Nf6 5. Nc3 Nc6 6. Qa4 d6 7. e5 dxe5 8.
Nxe5 Bd7 9. Nxd7 Qxd7 10. Be3 Bg7 11. Rd1 Qc8 12. Be2 O-O 13. O-O a6 1/2-1/2

[Event "XXVIII Memorial Edoardo Crespi A"]
[Site "Milano ITA"]
[Date "2007.12.05"]
[Round "1"]
[White "Abdelatief, Abdelhakiem"]
[Black "Crippa, Gabriele"]
[Result "0-1"]
[WhiteElo "1930"]
[BlackElo "2087"]
[PlyCount "104"]
[EventDate "2007.12.05"]

1. d4 Nf6 2. c4 d6 3. Nf3 Bg4 4. Nc3 Nbd7 5. Qa4 c6 6. Bg5 h6 7. Bh4 g6 8. h3
Bxf3 9. gxf3 Qb6 10. O-O-O Bg7 11. e4 Qc7 12. Bg3 Nh5 13. Bh2 O-O 14. f4 a6 15.
f5 b5 16. Qc2 b4 17. Na4 c5 18. d5 b3 19. axb3 Rab8 20. Rg1 Qb7 21. Rd3 Ne5 22.
Bxe5 Bxe5 23. fxg6 fxg6 24. Rxg6+ Kh7 25. Rg4 Qb4 26. Kd1 Rf7 27. Rh4 Nf4 28.
Rf3 Rbf8 29. Qd2 Qxd2+ 30. Kxd2 Ng6 31. Rxf7+ Rxf7 32. Rg4 Rxf2+ 33. Ke1 Rf3
34. Nc3 Bxc3+ 35. bxc3 Rxc3 36. Kd2 Rxb3 37. Kc2 Rf3 38. Bg2 Rf2+ 39. Kb3 h5
40. Rg3 Nh4 41. Bh1 Rf1 42. Bg2 Rg1 43. Rg5 Kh6 44. Rg8 Rxg2 45. Rh8+ Kg5 46.
Rh7 Ng6 47. Ka4 h4 48. Ka5 Rc2 49. e5 dxe5 50. Rxe7 Nxe7 51. d6 Ra2+ 52. Kb6
Nc8+ 0-1

[Event "XXVIII Memorial Edoardo Crespi A"]
[Site "Milano ITA"]
[Date "2007.12.05"]
[Round "1"]
[White "Bernago, Federico"]
[Black "Damia, Angelo"]
[Result "1/2-1/2"]
[WhiteElo "2002"]
[BlackElo "2266"]
[PlyCount "29"]
[EventDate "2007.12.05"]

1. e4 d6 2. d4 Nf6 3. Nc3 Nbd7 4. g4 e5 5. g5 exd4 6. Qxd4 Ng4 7. h3 Nge5 8. f4
Nc6 9. Qf2 Be7 10. Be3 h6 11. Nf3 hxg5 12. Nxg5 Nde5 13. Rg1 Bxg5 14. Rxg5 Nd7
15. O-O-O 1/2-1/2

[Event "XXVIII Memorial Edoardo Crespi A"]
[Site "Milano ITA"]
[Date "2007.12.05"]
[Round "1"]
[White "Bisignano, Giuseppe"]
[Black "Cazzaniga, Walter"]
[Result "0-1"]
[WhiteElo "1980"]
[BlackElo "2167"]
[PlyCount "46"]
[EventDate "2007.12.05"]

1. e4 e6 2. d4 d5 3. Nc3 Bb4 4. e5 c5 5. a3 Bxc3+ 6. bxc3 Ne7 7. Nf3 Nbc6 8.
Bg5 Qa5 9. Bd2 Bd7 10. a4 f6 11. exf6 gxf6 12. c4 Qc7 13. cxd5 Nxd5 14. Bc4
O-O-O 15. O-O Rhg8 16. Qe2 cxd4 17. Rfb1 Ne5 18. Nxe5 fxe5 19. Ba6 Bc6 20. Bb5
Rxg2+ 21. Kf1 Rdg8 22. Qe4 Qf7 23. Be1 Ne3+ 0-1

[Event "XXVIII Memorial Edoardo Crespi A"]
[Site "Milano ITA"]
[Date "2007.12.05"]
[Round "1"]
[White "Bove, Alessandro"]
[Black "Brunetti, Alessandro"]
[Result "1/2-1/2"]
[WhiteElo "2195"]
[BlackElo "2002"]
[PlyCount "84"]
[EventDate "2007.12.05"]

1. d4 d5 2. Nf3 c6 3. g3 Bf5 4. Bg2 e6 5. O-O h6 6. c4 Nf6 7. Qb3 Qb6 8. Nc3
Nbd7 9. c5 Qxb3 10. axb3 a6 11. b4 Rc8 12. Re1 Be7 13. Nd2 O-O 14. f4 Rfe8 15.
Nb3 Bd8 16. Be3 Bc2 17. Na5 Ng4 18. Bf2 Rb8 19. e4 dxe4 20. Bxe4 Bxe4 21. Nxe4
Bc7 22. Nc4 Red8 23. Ne5 Ngf6 24. Nc3 Nxe5 25. dxe5 Nd5 26. Nxd5 Rxd5 27. Rad1
Rbd8 28. Rxd5 Rxd5 29. Re4 h5 30. Rd4 Rxd4 31. Bxd4 a5 32. bxa5 Bxa5 33. Kf2
Kf8 34. Ke2 Ke8 35. h3 Kd7 36. g4 hxg4 37. hxg4 g6 38. Kd3 Be1 39. Bc3 Bf2 40.
Bd4 Be1 41. Ke2 Bb4 42. Kd3 Be1 1/2-1/2

[Event "XXVIII Memorial Edoardo Crespi A"]
[Site "Milano ITA"]
[Date "2007.12.05"]
[Round "1"]
[White "Bozzali, Ermanno"]
[Black "Giannetta, Paolo"]
[Result "1-0"]
[WhiteElo "2136"]
[BlackElo "1947"]
[PlyCount "73"]
[EventDate "2007.12.05"]

1. d4 c5 2. d5 f5 3. Nf3 Nf6 4. Nc3 d6 5. e3 a6 6. a4 g6 7. Bc4 Bg7 8. O-O Nbd7
9. Qe2 O-O 10. Rd1 Ne4 11. Nxe4 fxe4 12. Ng5 Nf6 13. h3 h6 14. Ne6 Bxe6 15.
dxe6 d5 16. Bxd5 Nxd5 17. c4 Nc3 18. bxc3 Qa5 19. Rd7 Qxc3 20. Rb1 b5 21. axb5
axb5 22. cxb5 Ra1 23. Rxa1 Qxa1 24. Rd1 Qf6 25. Ba3 c4 26. b6 Qxe6 27. Rb1 Be5
28. b7 Bb8 29. Rc1 c3 30. Rxc3 Qe5 31. Qc4+ Kh7 32. g3 Qf5 33. Rc2 Rd8 34. Qe2
Qf6 35. Bb2 Qe6 36. Qg4 Qa6 37. Rc8 1-0

[Event "XXVIII Memorial Edoardo Crespi A"]
[Site "Milano ITA"]
[Date "2007.12.05"]
[Round "1"]
[White "Calvi, Gianluca"]
[Black "Vinzoni, Andrea"]
[Result "0-1"]
[WhiteElo "1901"]
[BlackElo "2073"]
[PlyCount "48"]
[EventDate "2007.12.05"]

1. d4 d5 2. c4 e6 3. Nc3 Nf6 4. Nf3 Be7 5. e3 O-O 6. cxd5 exd5 7. Ne5 c6 8. Bd3
Nbd7 9. f4 Nxe5 10. fxe5 Ne8 11. O-O f6 12. Bd2 g6 13. Qc2 Ng7 14. Rae1 Bf5 15.
e4 dxe4 16. Bc4+ Kh8 17. Be3 fxe5 18. dxe5 Qa5 19. Nxe4 Qxe5 20. Bf4 Qd4+ 21.
Kh1 Bb4 22. Re2 Rae8 23. Rd1 Bxe4 24. Qb3 Rxf4 0-1